Chiliens célèbres par images - Statistiques

Statistiques générales
  • Ce quiz a été pris 124 fois
  • Le résultat moyen est 5 sur 14
Statistiques - réponses
Par images Réponse % Correct
Augusto Pinochet
76%
Alexis Sánchez
66%
Pedro Pascal
64%
Salvador Allende
61%
Pablo Neruda
45%
Michelle Bachelet
42%
Gabriel Boric
40%
Iván Zamorano
23%
Bernardo O'Higgins
22%
Gabriela Mistral
16%
Cote de Pablo
8%
Elías Figueroa
8%
Daniel Emilfork
4%
Margot Duhalde
2%
Aucun quiz correspondant
Distribution des résultats
% des personnes avec chaque résultat
Percentile par nombre de réponses
Votre historique - résultats
Vous n’avez pas pris ce quiz